[Event "Torun op"]
[Site "Torun"]
[Date "2002.??.??"]
[Round "9"]
[White "Krol, J."]
[Black "Walerych, Jaroslaw"]
[Result "0-1"]
[WhiteElo "1600"]
[BlackElo "1600"]
[PlyCount "102"]
[EventDate "2002.??.??"]
[EventType "swiss"]
[EventRounds "9"]
[EventCountry "POL"]
[SourceTitle "EXT 2007"]
[Source "ChessBase"]
[SourceDate "2006.11.23"]
[SourceVersion "1"]
[SourceVersionDate "2006.11.23"]
[SourceQuality "1"]

1. e4 c5 2. Nf3 d6 3. d4 cxd4 4. Nxd4 Nf6 5. Nc3 Nc6 6. Be3 g6 7. Bd3 Bg7 8. 0-0 0-0 9. Qf3 Bg4 10. Qg3 Qc8 11. f3 Bd7 12. Nxc6 bxc6 13. Bd2 c5 14. b3 Nh5 15. Qe1 Qb7 16. Rb1 a6 17. Bc4 Qb8 18. Nd5 e6 19. Nf4 Nxf4 20. Bxf4 Bb5 21. Qe2 Qb6 22. a4 Bxc4 23. Qxc4 Rfd8 24. Rfd1 a5 25. Qe2 Ra7 26. Be3 d5 27. Kh1 d4 28. Bc1 e5 29. Ba3 Re8 30. Qc4 Rc7 31. Rbc1 Rec8 32. Rd3 Kh8 33. Kg1 f5 34. Rf1 Rf8 35. Rdd1 Qb7 36. Rde1 Bh6 37. Qd3 Qc6 38. g3 Rcf7 39. c4 Rc8 40. Bc1 Bxc1 41. Rxc1 Rcf8 42. Rb1 Qf6 43. Kg2 Kg7 44. Rf2 f4 45. g4 h5 46. h3 h4 47. Rfb2 Rb7 48. Qd2 Rb4 49. Qd3 Rfb8 50. Kf2 R8b6 51. Ke2 Rb7 0-1